000
00297nam a22001337a 4500
008
170202b xxu||||| |||| 00| 0 eng d
020
_a
9780815119067
041
_a
eng
080
_2
2ND
_a
618.2
100
_a
2
101
_a
INF
245
_a
NURSING CASE MANAGEMENT
_c
COHEN, E.L
942
_2
udc
_c
BK
999
_c
4309
_d
4309